Statistics for Religion Table

Click here to take the quiz!

General Stats

  • This quiz has been taken 26 times
    (16 since last reset)
  • The average score is 12 of 83

Answer Stats

TypeAnswer% Correct
ReligionIslam
86%
ReligionChristianity
79%
ReligionBuddhism
71%
ReligionHinduism
71%
D1Shia Islam
64%
D1Sunni Islam
64%
ReligionJudaism
57%
D1Catholicism
50%
ReligionShinto
50%
D2Latin Catholicism
43%
D1Orthodoxy
43%
D1Protestantism
43%
D2Eastern Catholicism
36%
D2Eastern Orthodoxy
36%
D3Lutheranism
36%
D3Mormonism
36%
ReligionSikhism
36%
TypeAbrahamic
29%
D3Calvinism
29%
ReligionTaoism
29%
ReligionBahá'í Faith
21%
D3Baptist
21%
TypeIndian
21%
ReligionJainism
21%
D3Anglicanism
14%
ReligionConfucianism
14%
TypeJapanese
14%
D3Jehovah's Witnesses
14%
D3Methodism
14%
D2Oriental Orthodoxy
14%
D2Salafiya
14%
D1Theravāda Buddhism
14%
D2Wahhabism
14%
TypeChinese
7%
D1Digambara Jainism
7%
D1Ibadi Islam
7%
D1Mahāyāna Buddhism
7%
D3Oneness Pentecostalism
7%
D1Rabbinic Judaism
7%
D23HO Sikhism
0%
D1Ahmadiyya
0%
D3Akhbari
0%
D1Contemporary Sikhism
0%
D1Early Sikhism
0%
ReligionFalun Gong
0%
D2Hanafi
0%
D2Hanbali
0%
D2Historical Protestantism
0%
D2Ismā'īlism
0%
D2Ja'fari
0%
D1Jinja
0%
D2Kashtha Sangh
0%
D1Kyôha
0%
D2Maliki
0%
D2Miharvan Sikhism
0%
D1Minzoku
0%
D2Mizrahi Judaism
0%
D2Modern Protestantism
0%
D2Mula Sangh
0%
D2Namdhari Sikhism
0%
D2Nanakpanthi Sikhism
0%
D2Nirankari Sikhism
0%
D2Nirmala Sikhism
0%
D2Nontrinitarianism
0%
D3Pentecostalism
0%
D1Quanzhen Taoism
0%
D2Radha Soami Sikhism
0%
D2Ramraiya Sikhism
0%
D2Ravidassia Sikhism
0%
D2Sanatan Sikhism
0%
D2Sephardi Judaism
0%
D2Shafi'i
0%
D1Shaivism
0%
D1Shaktism
0%
D1Smartism
0%
D1Svetambara Jainism
0%
D2Udasi Sikhism
0%
D3Usuli
0%
D1Vaishnavism
0%
D1Vajrayāna Buddhism
0%
D2Ẓāhirī
0%
D2Zaidiyyah
0%
D1Zhengyi Taoism
0%

Score Distribution

Percentile by Number Answered

Percent of People with Each Score

Your Score History

You have not taken this quiz since the last reset